Statistiques concernant L'effectif de l'OM 2022/2023

Cliquez ici pour prendre le quiz!

Statistiques générales

  • Ce quiz a été pris 65 fois
  • Le résultat moyen est 20 sur 29

Statistiques - réponses

NuméroPosteNationalitéRéponse% Correct
16GardienEspagnePau Lopez
98%
XCoachCroatieIgor Tudor
95%
70AttaquantChiliAlexis Sanchez
93%
27MilieuFranceJordan Veretout
93%
6MilieuFranceMatteo Guendouzi
93%
77MilieuMarocAmine Harit
92%
4DéfenseurFranceSamuel Gigot
92%
8MilieuBrésilGerson
90%
30Défenseur/MilieuPortugalNuno Tavares
90%
17MilieuTurquieCengiz Under
88%
99DéfenseurCongoChancel Mbemba
88%
10MilieuFranceDimitri Payet
88%
7Défenseur/MilieuFranceJonathan Clauss
88%
21MilieuFranceValentin Rongier
88%
5DéfenseurArgentineLeonardo Balerdi
86%
11AttaquantColombieLuis Suarez
86%
23DéfenseurBosnieSead Kolasinac
86%
12AttaquantSénégalBamba Dieng
85%
3DéfenseurCôte d'IvoireEric Bailly
81%
29Défenseur/MilieuBurkina FasoIssa Kaboré
76%
36GardienEspagneRuben Blanco
71%
22MilieuFrancePape Gueye
61%
18DéfenseurFranceIsaak Touré
51%
XPréparateur physiqueItalieCarlo Spignoli
2%
XPréparateur physiqueFranceGilles Marambaud
2%
XAdjointCroatieHari Vukas
2%
XPréparateur physiqueItalieMario Rotondale
2%
XCoordinateur techniqueBrésilFelipe Saad
0%
XEntraineur des gardiensEspagneJon Pascua
0%

Distribution des résultats

Percentile par nombre de réponses

% des personnes avec chaque résultat

Votre développement - résultats

Vous n’avez pas pris ce quiz